Przyszłość Niemiec i Polski w Europie / (Rekord nr 10266)
| 000 -ETYKIETA REKORDU | |
|---|---|
| podpole kontrolne o stałej długości | 00759naa a2200145 i 4500 |
| 003 - IDENTYFIKATOR NUMERU KONTROLNEGO REKORDU | |
| podpole kontrolne | KOSZ 005 |
| 005 - DATA OSTATNIEJ MODYFIKACJI REKORDU | |
| podpole kontrolne | 20180419090823.0 |
| 008 - POLE O STAŁEJ DŁUGOŚCI - DANE KONTROLNE | |
| podpole kontrolne o stałej długości | 180419s1997 pl |100 0 pol d |
| 040 ## - ŹRÓDŁO KATALOGOWANIA | |
| Instytucja, która sporządziła opis | KOSZ 005/HR |
| Instytucja, która utworzyła rekord | KOSZ 005/HR |
| 100 1# - NAZWA OSOBOWA | |
| Nazwa osobowa | PARTACZ, Czesław. |
| Instytucja | Wyższa Szkoła Inżynierska w Koszalinie - Instytut Zarządzania i Marketingu, |
| Wydział | Katedra Nauk Humanistycznych. |
| Lata pracy | 1979 - 1996. |
| 245 10 - TYTUŁ/ODPOWIEDZIALNOŚĆ | |
| Tytuł | Przyszłość Niemiec i Polski w Europie / |
| Pozostałe elementy strefy tytułu i oznaczenia odpowiedzialności | Czesław Partacz. |
| 655 #0 - TERMIN INDEKSOWY - OKREŚLENIE RODZAJU/FORMY DOKUMENTU | |
| Określnie rodzaju/formy dokumentu | Materiały konferencyjne. |
| 773 0# - TYTUŁ DOKUMENTU MACIERZYSTEGO | |
| Wyrażenie wprowadzające | W : |
| Tytuł | Polska, Niemcy, Ukraina w Europie : uwarunkowania, założenia i przesłanki wzajemnej współpracy / pod red. Włodzimierza Bonusiaka. - |
| Adres wydawniczy | Rzeszów : Wydaw. Wyższej Szkoły Pedagogicznej, 1996. - |
| Informacje dotyczące relacji | s. 91-94 |
| ISBN | 8386246189 |
| 942 ## - HASŁO DODATKOWE - ELEMENTY(KOHA) | |
| Schemat klasyfikacji | Uniwersalna klasyfikacja dziesiętna |
| Typ dokumentu | Rozdział |
Brak dostępnych egzemplarzy.
